Cartilla Laboral y Seguridad Social 2022

Detalles Bibliográficos
Autor principal: Chavarro Cadena, Jorge Enrique
Otros Autores: Cortes Guzman, Guillermo, Bello Franco, Eliecer
Formato: eBook
Lenguaje:español
Publicado: Bogot:̀ Grupo Editorial Nueva Legislacin̤, 2022
Materias:
Acceso en línea:Acceso restringido

MARC

LEADER 00000nam a22000007a 4500
005 2022071203173.0
007 cr|||| ||||
008 220712s2022 co |||||s|||| 00||0 spa d
020 |a 978-958-53906-2-1 
035 |a 36700 
040 |a vLex 
090 |c 13547  |d 13547 
100 1 |a Chavarro Cadena, Jorge Enrique 
245 1 0 |a Cartilla Laboral y Seguridad Social 2022  |h [Recurso electrn̤ico] /  |c Jorge Enrique Chavarro Cadena, Guillermo Cortes Guzman, Eliecer Bello Franco 
256 |a Servicio en ln̕ea 
260 |a Bogot:̀  |b Grupo Editorial Nueva Legislacin̤,  |c 2022 
300 |a 1 recurso electrn̤ico 
500 |a La Cartilla Laboral y Seguridad Social comprende el anl̀isis prc̀tico de la legislacin̤ laboral desarrollada en siete capt̕ulos a saber: 1. Generalidades de la legislacin̤ laboral 2. Seleccin̤ de personal 3. Contrato de trabajo 4. Prestaciones sociales 5. Aplicaciones contables y tributarias 6. Seguridad social 7. Medidas laborales aplicables al estado de emergencia sanitaria COVID-19 Para que empleadores como empleados, puedan interpretar los derechos que tienen en la legislacin̤ laboral colombiana de manera fc̀il y simplificada. 
506 1 |a Disponible solo en los productos indicados  |d vLex Global  |d vLex Global (Academic Edition, excluding Law Schools)  |d vLex Global (U.S. Academic Edition, Law Schools)  |d vLex Global (U.S. Academic Edition, excluding Law Schools)  |d vLex Global (Academic Edition, Law Schools) 
650 0 4 |a Derecho Laboral y Seguridad Social  |z Colombia 
650 0 4 |a Seguridad Social  |z Colombia 
650 0 4 |a Derecho Tributario  |z Colombia 
700 1 |a Cortes Guzman, Guillermo 
700 1 |a Bello Franco, Eliecer 
740 0 |a vLex Libros (Servicio en ln̕ea) 
856 4 0 |u https://app.vlex.com/#/sources/36700  |z Acceso restringido 
942 |c BOOK 
999 0 |a Labor Law and Social Security 
999 0 |a Social Security 
999 0 |a Tax Law